000 01436cam a2200409 a 4500
001 9189
003 FISKH
005 20251128090455.0
008 050705r20062002nyua b 000 1 eng
010 _a 2005016756
020 _a9780778726289
_qreinforced lib. bdg.
020 _a0778726282
_qreinforced lib. bdg.
020 _a9780778726500
_qpbk.
020 _a0778726509
_qpbk.
035 _a14025512
040 _aDLC
_cDLC
_beng
050 _aPZ7.D71499 S
082 0 0 _a823.92
100 1 _aDonaldson, Julia.
245 1 0 _aSpinderella /
_cJulia Donaldson ; illustrated by Liz Pichon.
260 _aNew York :
_bCrabtree,
_c2006.
300 _a32 unnumbered pages :
_bcolor illustrations ;
_c28 cm
440 0 _aBlue go bananas
505 _aK
520 _aWhen Spinderella and her seven spider siblings want to play soccer, she, along with her Hairy Godmother, must convince the others that numbers are important. Includes facts and activities relating to numbers and soccer.
521 1 _a510
_bLexile AD
521 1 _aK
_bRaz-Plus
650 1 _aSpiders
_vFiction.
650 1 _aNumbers, Natural
_vFiction.
650 1 _aCounting
_vFiction.
650 1 _aSoccer
_vFiction.
655 7 _aFiction.
_2lcgft
_0https://id.loc.gov/authorities/genreForms/gf2014026339
700 1 _aPichon, Liz,
_eillustrator
906 _a7
_bcbc
_corignew
_d1
_eecip
_f20
_gy-gencatlg
942 _2ddc
_cBK
_n0
999 _c9189
_d9189